00331nam a2200121Ia 4500008004100000040001600041041001200057082001400069100001700083245006400100260002900164300001600193230917s9999||||xx |||||||||||||| ||und|| e53532aMAIN aEnglish aB R137N:R aNirmal Kumar 0aRajendra Prasad: and the Indian freedom struggle 1917- 1947 aNew DelhibPatriotc1991 axii, 188 p.